| 000 | 01976nam a22002417a 4500 | ||
|---|---|---|---|
| 005 | 20260114170944.0 | ||
| 008 | 260114b |||||||| |||| 00| 0 eng d | ||
| 020 | _a9781408713952 | ||
| 040 | _cAL | ||
| 041 | _aEnglish | ||
| 082 |
_a324.973 _bWOLA |
||
| 100 |
_aMichael Wolff _9251348 |
||
| 245 |
_aAll or nothing _b: how Trump recaptured America |
||
| 260 |
_aLondon _bThe Bridge Street Press _c2025 |
||
| 300 |
_a379p. _bPB _c23x15cm. |
||
| 365 |
_a5464 _b₹799.00 _c₹ _d₹999.00 _e20% _f10-01-2026 |
||
| 520 | _aAll or Nothing is the final chapter in Wolff’s Fire and Fury series. With extraordinary behind-the-scenes access, it follows every turn of Donald Trump’s third presidential campaign. In disgrace after the January 6 attack on the Capitol and sent into exile, Trump immediately sputters back to life. To the shock of the Republican Party leadership, the Trump base has not abandoned him. Hardly a year on, he is as strong as any challenger has ever been. The American establishment is stunned by his comeback and determined to stop it and hold him accountable for his abuses of law and power. Equally, he has vowed retribution on anyone who tries to stand in his way. The 2024 presidential race is elemental: the system breaks Donald Trump or Donald Trump breaks the system. Michael Wolff tells this story from inside the Trump campaign. Through the sources he has cultivated over his ten years of writing about Donald Trump, including people who are with Trump on a daily basis, as well as his own first-hand reporting, we get a nearly moment- by-moment picture of the pendulum mood swings, the casual cruelties, the demands for obeisance, the preternatural resolve or otherworldly levels of denial, and the certain flashes of showman genius of the new president. | ||
| 650 |
_aElection _9251180 |
||
| 650 |
_aUnited States _9251349 |
||
| 650 |
_aPolitical culture _9251350 |
||
| 650 |
_a Politics and government _9251351 |
||
| 942 |
_2ddc _cBK |
||
| 999 |
_c240746 _d240746 |
||